[Event "Satka Autumn 2020"]
[Site "Satka"]
[Date "2020.10.24"]
[Round "4.2"]
[White "Afonasieva, Anna"]
[Black "Guseva, Marina"]
[Result "1-0"]
[WhiteElo "2279"]
[BlackElo "2377"]
[Annotator "TA"]
[PlyCount "67"]
[EventDate "2020.10.21"]
[EventType "swiss"]
[EventCountry "RUS"]
[SourceTitle "playchess.com"]
[Source "ChessBase"]
[SourceQuality "1"]

{[%evp 9,67,0,0,0,0,0,0,-6,0,0,4,-17,-14,-27,-23,-21,-15,-25,-23,-32,-32,-37,0,-7,46,58,42,52,63,50,53,34,25,0,67,61,52,45,135,75,116,126,131,137,264,247,247,239,300,298,290,277,1325,1300,29985,29986,29986,29978,29988,29987]} 1. d4 d5 2. Bf4 Nf6 3. e3 c5 4. c3 Nc6 5. Nd2 Bf5 6. Qb3 {D00: 1 d4 d5: Unusual lines.} Qd7 {6...Qc8 is the fancy move.} 7. Ngf3 c4 8. Qd1 {The position is equal.} e6 9. Be2 Bd6 10. Bg3 O-O 11. Ne5 Qc7 {[%cal Rc6e5] [#]} 12. Nxc6 $146 ({Predecessor:} 12. f4 b5 13. O-O a5 14. Bh4 Ne4 15. Bf3 Nxd2 16. Qxd2 f6 17. Nxc6 Qxc6 18. g4 {1-0 (51) Zhafyarov,A (2089)-Bulsoev,A (1802) St Petersburg 2019}) 12... Qxc6 13. Bxd6 Qxd6 14. g4 Bg6 15. h4 Be4 16. Rh3 e5 (16... Rac8 $11) 17. g5 Qe6 18. Rg3 Nd7 19. Nxe4 dxe4 20. Qc2 exd4 {...d3 is the strong threat.} 21. exd4 (21. Bg4 {with more complications.} Qd5 22. cxd4 Rfe8 23. a4 Rac8 24. Kf1) 21... Qd5 (21... b5 $11) 22. O-O-O $14 Rae8 23. Re1 Re7 {[#]} ({Black should try} 23... Qc6 $14) 24. Bf1 ({White should play} 24. Re3 $1) 24... Rfe8 25. Rge3 f5 {[#]} 26. f3 $1 {[%mdl 512]} h6 (26... Qf7 $16) (26... exf3 27. Rxe7) 27. fxe4 $18 fxe4 28. Bg2 hxg5 29. Bxe4 Qd6 30. hxg5 b5 $2 (30... Qf4 31. Kb1 g6) 31. Qg2 {Intending Bd5+ and mate.} g6 32. Bd5+ {White mates.} Kf8 33. Qf3+ Kg7 34. Qh3 {Av CentiPawn Loss W=-8/B=-88. Weighted=-10/-127} 1-0

[Event "Satka Autumn 2020"]
[Site "Satka"]
[Date "2020.10.24"]
[Round "4.3"]
[White "Schepetkova, Margarita"]
[Black "Khokhlova, Daria"]
[Result "1-0"]
[WhiteElo "2257"]
[BlackElo "2168"]
[Annotator "TA"]
[PlyCount "101"]
[EventDate "2020.10.21"]
[EventType "swiss"]
[EventCountry "RUS"]
[SourceTitle "playchess.com"]
[Source "ChessBase"]
[SourceQuality "1"]

{[%evp 21,101,0,0,0,69,29,46,12,33,33,42,31,68,49,46,31,48,6,78,70,130,53,49,47,63,42,104,104,104,104,103,100,97,93,107,36,280,316,702,238,238,238,238,238,238,238,238,238,238,238,231,155,163,163,228,195,203,203,206,195,195,204,210,218,223,223,223,223,223,223,223,223,223,223,223,223,232,223,435,438,430,425]} 1. d4 Nf6 2. c4 e6 3. g3 c5 4. d5 exd5 5. cxd5 d6 6. Bg2 g6 7. Nf3 Bg7 8. O-O O-O 9. Nc3 Re8 10. Bf4 Ne4 {10...Bf5 gains popularity.} 11. Nxe4 Rxe4 12. Nd2 {A62: Modern Benoni: Fianchetto Variation without early ...Nbd7.} Rb4 {[#]} (12... Rxf4 $11 13. gxf4 Bxb2) 13. e4 $146 ({Predecessor:} 13. a3 Rxf4 14. gxf4 Bxb2 15. Ra2 Bg7 16. e4 Nd7 17. a4 Bh6 18. Qf3 Qh4 19. Qg3 Qf6 {0-1 (33) Gretarsson,H (2579)-Svidler,P (2723) chess.com INT 2020}) 13... Bxb2 14. Rb1 {White is slightly better.} (14. a3 {looks sharper.} Rb6 15. Rb1 Bg7 16. Nc4 Ra6 17. Re1) 14... Bg7 15. Rxb4 cxb4 16. Nc4 Bf8 17. Qc1 Na6 18. e5 {[%cal Rc4d6]} dxe5 19. Bxe5 Bf5 (19... Nc5 $11 {remains equal.}) 20. Ne3 $16 {[%mdl 1024] White has strong compensation.} Qd7 (20... Nc5 $14) 21. d6 (21. Qd2 $16) 21... Be6 $1 $14 22. Rd1 Rc8 23. Qb2 b3 ({Better is} 23... Nb8 $14) 24. axb3 $16 Nb4 25. Qd4 Nc6 26. Bxc6 $1 bxc6 27. Nc4 Bd5 28. Ra1 $40 {[%mdl 128] White mounts an attack.} (28. Qh4 $16 {Intending Qf6 and mate.} f5 29. f4) 28... Qb7 $2 {This move loses the game for Black.} ({Black should try} 28... h5 $14) 29. Ne3 $18 {[#] aiming for Ng4.} ({Weaker is} 29. Qxa7 Qxb3 30. Ne3 Be6 $16) 29... Be6 $2 (29... f6) 30. Ng4 $2 (30. Rxa7 Qb5 31. Qf4 Bxd6 32. Bxd6) 30... Bxg4 31. Qxg4 ({And not} 31. Rxa7 Qxb3 32. Qxg4 Rd8 $11) 31... Rd8 32. Qg5 {Qf6 would kill now.} Rxd6 33. Bxd6 Bxd6 {[%mdl 4096] Endgame KQR-KQB} 34. Qe3 c5 35. Rd1 Be7 36. Qd3 Bf6 37. Qd5 Qb4 (37... Qe7 {might work better.} 38. Kf1 Bd4) 38. Kg2 a5 39. Rd3 Kg7 40. Rf3 h5 41. Rf4 Qb6 42. h3 Qc7 43. Rc4 Be7 44. Re4 Bf6 45. Re8 Bd4 46. Rd8 {[#] Threatens to win with Rd7!} Qe7 47. Rd7 Qf6 48. Qf3 Qe6 49. Rc7 Kf8 $2 (49... Qf6 {was called for.} 50. Qxf6+ Kxf6) 50. Rc6 Qe1 51. Rxg6 {Av CentiPawn Loss W=-22/B=-33. Weighted=-20/-48} 1-0

[Event "Satka Autumn 2020"]
[Site "Satka"]
[Date "2020.10.24"]
[Round "4.4"]
[White "Borisova, Ekaterina"]
[Black "Kovanova, Baira"]
[Result "1-0"]
[WhiteElo "2292"]
[BlackElo "2324"]
[Annotator "RC"]
[PlyCount "127"]
[EventDate "2020.10.21"]
[EventType "swiss"]
[EventCountry "RUS"]
[SourceTitle "playchess.com"]
[Source "ChessBase"]
[SourceQuality "1"]
[TimeControl "5400+30"]

1. d4 {[%emt 0:00:00]} Nf6 {[%emt 0:00:00]} 2. g3 {[%emt 0:00:00]} e6 {[%emt 0:00:00]} 3. Bg2 {[%emt 0:00:00]} d5 {[%emt 0:00:34]} 4. Nf3 {[%emt 0:00:03]} Be7 {[%emt 0:00:06]} 5. c4 {[%emt 0:00:09]} O-O {[%emt 0:00:06]} 6. O-O {[%emt 0:00:02]} c6 {[%emt 0:00:12]} 7. Qc2 {[%emt 0:00:06]} b6 {[%emt 0:00:04]} 8. Nbd2 {[%emt 0:00:05]} Bb7 {[%emt 0:00:05]} 9. e4 {[%emt 0:00:05]} Na6 {[%emt 0:00:11]} 10. a3 {[%emt 0:00:06]} c5 {[%emt 0:00:11]} 11. exd5 {[%emt 0:00:05]} exd5 {[%emt 0:00:04]} 12. dxc5 {[%emt 0:00:04]} Nxc5 {[%emt 0:00:07]} 13. b4 {[%emt 0:00:04]} Nce4 {[%emt 0:00:13]} 14. Bb2 {[%emt 0:01:16]} Rc8 {[%emt 0:03:42]} 15. Rad1 {[%emt 0:02:22]} dxc4 {[%emt 0:21:51]} 16. Nh4 {[%emt 0:17:22]} c3 {[%emt 0:14:01]} 17. Nxe4 {[%emt 0:01:53]} Bxe4 {[%emt 0:04:11]} 18. Bxe4 {[%emt 0:01:19]} cxb2 {[%emt 0:11:36]} 19. Rxd8 {[%emt 0:01:15]} Rfxd8 {[%emt 0:00:05]} 20. Qxb2 {[%emt 0:00:54]} Nxe4 {[%emt 0:00:05]} 21. Qe5 {[%emt 0:00:51]} Bxh4 {[%emt 0:06:20]} 22. Qxe4 {[%emt 0:00:25]} Bf6 {[%emt 0:00:08]} 23. Qb7 {[%emt 0:06:48]} Ra8 {[%emt 0:00:31]} 24. b5 {[%emt 0:09:05]} Rdb8 {[%emt 0:02:23]} 25. Qa6 {[%emt 0:00:18]} Rc8 {[%emt 0:03:34]} 26. Rd1 {[%emt 0:01:34]} Rc7 {[%emt 0:00:35]} 27. Rd6 {[%emt 0:05:52]} Rd8 {[%emt 0:02:01]} 28. Rxd8+ {[%emt 0:00:53]} Bxd8 {[%emt 0:00:12]} 29. Qa4 {[%emt 0:00:14]} h6 {[%emt 0:09:37]} 30. Qf4 {[%emt 0:02:30]} Rd7 {[%emt 0:03:12]} 31. Qb8 {[%emt 0:02:15]} Kf8 {[%emt 0:00:17]} 32. Kg2 {[%emt 0:00:29]} h5 {[%emt 0:04:27]} 33. Kf3 {[%emt 0:02:38]} g6 {[%emt 0:00:43]} 34. Ke4 {[%emt 0:02:48]} Ke8 {[%emt 0:08:33]} 35. f4 {[%emt 0:01:54]} f5+ {[%emt 0:00:39]} 36. Kf3 {[%emt 0:01:17]} Kf7 {[%emt 0:05:52]} 37. Qc8 {[%emt 0:00:22]} Ke7 {[%emt 0:00:40]} 38. Qc3 {[%emt 0:03:40]} Kf7 {[%emt 0:00:33]} 39. Qc4+ {[%emt 0:00:05]} Kf8 {[%emt 0:00:39]} 40. Qe6 {[%emt 0:01:22]} Rg7 {[%emt 0:00:20]} 41. Qd6+ {[%emt 0:00:36]} Ke8 {[%emt 0:00:08]} 42. a4 {[%emt 0:01:51]} Be7 {[%emt 0:01:03]} 43. Qc6+ {[%emt 0:04:20]} Kf7 {[%emt 0:00:05]} 44. Qb7 {[%emt 0:00:31]} Kg8 {[%emt 0:00:10]} 45. Qxa7 {[%emt 0:00:05]} Bc5 {[%emt 0:00:04]} 46. Qa8+ {[%emt 0:00:14]} Kh7 {[%emt 0:00:01]} 47. Qd5 {[%emt 0:00:45]} Ra7 {[%emt 0:00:16]} 48. Qc4 {[%emt 0:02:03]} Kg7 {[%emt 0:01:58]} 49. h3 {[%emt 0:00:05]} Kh7 {[%emt 0:01:10]} 50. g4 {[%emt 0:02:11]} hxg4+ {[%emt 0:00:03]} 51. hxg4 {[%emt 0:00:02]} fxg4+ {[%emt 0:00:09]} 52. Kxg4 {[%emt 0:00:03]} Kg7 {[%emt 0:00:19]} 53. Qe4 {[%emt 0:01:10]} Kh7 {[%emt 0:00:56]} 54. a5 {[%emt 0:02:30]} Rxa5 {[%emt 0:00:42]} 55. Kg5 {[%emt 0:00:07]} Ra7 {[%emt 0:00:39]} 56. Qxg6+ {[%emt 0:00:14]} Kh8 {[%emt 0:00:02]} 57. Qe8+ {[%emt 0:00:28]} Kh7 {[%emt 0:00:09]} 58. f5 {[%emt 0:00:17]} Rg7+ {[%emt 0:01:43]} 59. Kf6 {[%emt 0:00:40]} Kh6 {[%emt 0:00:35]} 60. Qh8+ {[%emt 0:01:28]} Rh7 {[%emt 0:00:01]} 61. Qg8 {[%emt 0:00:24]} Bd4+ {[%emt 0:00:06]} 62. Ke6 {[%emt 0:00:06]} Rg7 {[%emt 0:01:16]} 63. Qh8+ {[%emt 0:00:17]} Kg5 {[%emt 0:00:05]} 64. Qh2 {[%emt 0:00:07]} 1-0

[Event "Satka Autumn 2020"]
[Site "Satka"]
[Date "2020.10.24"]
[Round "4.5"]
[White "Shnayder, Violetta"]
[Black "Protopopova, Anastasiya"]
[Result "0-1"]
[WhiteElo "1917"]
[BlackElo "2210"]
[Annotator "TA"]
[PlyCount "68"]
[EventDate "2020.10.21"]
[EventType "swiss"]
[EventCountry "RUS"]
[SourceTitle "playchess.com"]
[Source "ChessBase"]
[SourceQuality "1"]

{[%evp 11,68,30,33,-5,-1,-14,-6,-6,-6,-45,9,4,10,-12,9,-66,-56,-72,-72,-66,-63,-124,-114,-125,-132,-129,-102,-146,-150,-180,-179,-200,-212,-219,-227,-222,-220,-229,-212,-267,-264,-277,-293,-567,-566,-555,-537,-546,-541,-636,-635,-620,-620,-620,-611,-29981,-29982,-29977,-29978]} 1. d4 Nf6 2. c4 e6 3. g3 c5 4. d5 exd5 5. cxd5 b5 {[%cal Bb7b5,Bb5b4][%mdl 32]} 6. Bg2 d6 7. Nc3 {A60: Modern Benoni: Early Divergences.} b4 8. Ne4 Nxe4 9. Bxe4 {[#] The position is equal.} Bb7 $146 ({Predecessor:} 9... g6 10. a3 bxa3 11. Rxa3 Bg7 12. Nf3 O-O 13. O-O Nd7 14. Bd3 Nb6 15. e4 c4 {½-½ (35) Tarasov,A (2242)-Mishin,A (2318) ICCF email 2012}) 10. b3 Nd7 (10... Be7 $1 $15) 11. Bb2 $11 Nf6 12. Bg2 g6 13. g4 (13. a3 $11) 13... Bg7 $36 {[%mdl 2048] Black has the initiative.} 14. g5 Nh5 $1 {[%csl LRb2,LRg5]} 15. Bxg7 Nxg7 16. h4 {White is now going downhill.} (16. Nf3 $15) 16... O-O $17 17. e3 f6 18. Nh3 Ba6 19. Bf1 Bxf1 20. Rxf1 Qd7 21. Nf4 Rae8 22. Kd2 fxg5 23. hxg5 Qf5 24. Qc2 Qxg5 {[#] Threatens to win with ...Rxf4.} 25. Rae1 Nh5 ({Weaker is} 25... Rxf4 26. exf4 Qxf4+ 27. Kd1 $17) 26. Rg1 Qe5 27. Qc4 $2 (27. Nd3 Qxd5 28. Kc1) 27... Nxf4 $19 28. exf4 Qb2+ {[%mdl 64] [#] Double Attack} 29. Qc2 Qd4+ 30. Qd3 Qxf2+ 31. Kd1 {intending Rxg6+.} Rxe1+ 32. Rxe1 Rxf4 {And now ...Rd4! would win.} 33. Re4 Rxe4 34. Qxe4 Qd4+ {Av CentiPawn Loss W=-69/B=-5. Weighted=-79/-5} 0-1

[Event "Satka Autumn 2020"]
[Site "Satka"]
[Date "2020.10.24"]
[Round "4.6"]
[White "Smirnova, Ekaterina"]
[Black "Martynyuk, Elizaveta"]
[Result "1/2-1/2"]
[WhiteElo "2282"]
[BlackElo "2102"]
[Annotator "TA"]
[PlyCount "114"]
[EventDate "2020.10.21"]
[EventType "swiss"]
[EventCountry "RUS"]
[SourceTitle "playchess.com"]
[Source "ChessBase"]
[SourceQuality "1"]

{[%evp 17,114,25,30,19,28,13,36,31,31,32,32,29,43,29,64,19,15,7,0,0,22,21,267,267,262,265,259,250,264,264,256,262,285,285,312,325,317,231,365,252,260,261,387,368,567,350,357,266,188,117,110,110,110,110,91,56,57,62,86,90,118,58,58,48,79,79,85,93,115,71,172,157,165,68,77,49,37,43,63,25,33,40,45,11,21,0,0,0,53,0,0,0,0,0,0,0,-28000,-28000,-28000]} 1. d4 Nf6 2. c4 e6 3. Nf3 Bb4+ 4. Bd2 c5 5. Bxb4 cxb4 6. g3 a5 7. Bg2 d6 8. O-O O-O 9. a3 Na6 10. axb4 {E11: Bogo-Indian.} Nxb4 11. Nc3 Qc7 12. b3 {White is slightly better.} Bd7 13. e4 e5 14. Qd2 {[#]} b6 $146 ({Predecessor:} 14... Rfd8 15. Rfc1 Qb8 16. Qe3 Re8 17. dxe5 dxe5 18. Nd5 Nbxd5 19. cxd5 b5 20. Ne1 b4 {0-1 (57) Kucuksari,K (2337)-Diaz Camallonga,C (2468) Sitges 2019}) 15. Rfe1 Bg4 16. dxe5 dxe5 17. Nd5 Qd6 18. Nh4 h6 19. h3 $36 {[%mdl 2048] White has some pressure.} Bd7 $2 (19... Bc8 $11 {and Black has nothing to worry.}) 20. Nxf6+ $18 {[%mdl 64] Overworked Piece} Qxf6 21. Qxd7 Nc2 22. Qf5 Qe7 23. Qg4 Nxe1 {[#]} 24. Nf5 $1 {[%csl Gf5][%cal Rg4g7][%mdl 512]} Qf6 {...Nd3 is the strong threat.} 25. Rxe1 a4 26. bxa4 Rxa4 27. Rb1 {And now Rxb6! would win.} g6 (27... Rfa8 {might work better.} 28. Qe2 Ra1 29. Rxa1 Rxa1+ 30. Bf1 Qd8) 28. Ne3 Ra2 29. Qf3 Qc6 (29... Qxf3 {was worth a try.} 30. Bxf3 Rd8 31. Rxb6 Kg7) 30. Bf1 f5 (30... Ra3 $142 31. Qg4 Kg7) 31. Nd5 {Threatens to win with Ne7+.} Qc5 {Black hopes to continue with ...fxe4.} 32. Qe3 fxe4 33. Qxc5 ({But not} 33. Nxb6 $6 Qd4 $16) ({White should try} 33. Rxb6 $18 Qxe3 34. Nxe3 (34. fxe3 Rf3 $11)) 33... bxc5 $16 34. Nc3 Raxf2 35. Nxe4 Rc2 36. Nxc5 Rf3 37. g4 Rg3+ 38. Kh1 Re3 39. Nd7 (39. Nd3 $16) 39... Kf7 40. Nb6 e4 41. Nd5 Rf3 42. Re1 h5 43. g5 Ke6 (43... Rg3 $16 {was necessary.}) 44. Bg2 $18 ({Don't do} 44. Rxe4+ $6 Kf5 $14) 44... Rg3 {[#]} 45. Rxe4+ (45. Nf4+ $1 $18 Ke5 46. Bxe4 {[%mdl 64] Double Attack} Kxf4 47. Bxc2 Rxh3+ {[#]} 48. Kg2 $1 {[%mdl 512]} Rg3+ 49. Kh2 Rxg5 50. Bd3) 45... Kd6 46. Ne3 Rc1+ 47. Kh2 Rxg5 48. h4 Re5 49. Rd4+ Kc5 50. Rd5+ Rxd5 51. cxd5 Rc3 52. Nd1 Rc4 (52... Ra3 $11) 53. Kg3 (53. Kh3 $1 $14) 53... Rg4+ $11 54. Kh3 g5 55. hxg5 Rxg5 56. Nf2 $2 {[%mdl 8192]} (56. Ne3 $11) 56... Rxg2 {[%mdl 64] Remove Defender} 57. Kxg2 Kxd5 {[%mdl 32768] Both players deserved the win here. Av CentiPawn Loss W=-43/B=573. Weighted=-49/492. An unexpected result.} 1/2-1/2

[Event "Satka Autumn 2020"]
[Site "Satka"]
[Date "2020.10.24"]
[Round "4.7"]
[White "Loskutova, Viktoriya"]
[Black "Maltsevskaya, Aleksandra"]
[Result "0-1"]
[WhiteElo "2110"]
[BlackElo "2260"]
[Annotator "TA"]
[PlyCount "60"]
[EventDate "2020.10.21"]
[EventType "swiss"]
[EventCountry "RUS"]
[SourceTitle "playchess.com"]
[Source "ChessBase"]
[SourceQuality "1"]

{[%evp 24,60,30,26,63,27,79,79,64,0,0,0,0,-99,-89,-80,-85,-245,-232,-268,-230,-572,-575,-572,-571,-612,-671,-637,-670,-629,-626,-505,-418,-880,-892,-800,-769,-1209,-1167]} 1. e4 e5 2. Nf3 Nc6 3. Bb5 a6 4. Ba4 Nf6 5. O-O b5 6. Bb3 Bc5 7. c3 d6 8. a4 Rb8 9. d4 Bb6 10. axb5 axb5 11. Na3 O-O 12. Nxb5 Bg4 13. Bc2 Qe8 {[#] C78: Ruy Lopez: Archangelsk and Möller Defences.} 14. Re1 $146 ({Predecessor:} 14. d5 Ne7 15. c4 Ng6 16. h3 Bd7 17. Nc3 Nh5 18. b4 Nhf4 {½-½ (68) Boudre,J (2397)-Bacrot,E (2592) Besancon 1999}) 14... h6 (14... Bxf3 $11 15. gxf3 Qd7) 15. d5 Ne7 {White is better.} 16. Ba4 (16. Na3 $14) 16... Bd7 $11 17. c4 Ng4 18. Be3 (18. Re2 $11) 18... Nxe3 $17 19. fxe3 {[#]} f5 $1 $36 {[%mdl 2048] Black is in control.} 20. Nd2 $2 {White does not recover from this.} (20. Nc3 $17) 20... f4 $19 {[%mdl 1024] Black has strong compensation.} 21. Nf1 Qg6 22. Kh1 $2 (22. b4) 22... Bg4 23. Qd2 f3 24. Ng3 fxg2+ 25. Kxg2 {and the idea Bd1 leaves White hopeful.} Bf3+ 26. Kg1 {If only White now had time for Bd1....} h5 {...h4 is the strong threat.} 27. Bd1 {Now Bxf3 and White clings on.} Bxd1 28. Raxd1 (28. Qxd1 $142 h4 {[%mdl 64] Pin} 29. Qh5 hxg3 30. Qxg6 gxh2+ 31. Kxh2 Nxg6 32. Kg3) 28... h4 {[%mdl 64] [#] Pin. Black is clearly winning.} 29. Qg2 hxg3 30. hxg3 Qg4 {Av CentiPawn Loss W=-81/B=-10. Weighted=-82/-12} 0-1

[Event "Satka Autumn 2020"]
[Site "Satka"]
[Date "2020.10.24"]
[Round "4.8"]
[White "Filippova, Margarita"]
[Black "Zherebtsova, Alexandra"]
[Result "0-1"]
[WhiteElo "1896"]
[BlackElo "2225"]
[Annotator "TA"]
[PlyCount "64"]
[EventDate "2020.10.21"]
[EventType "swiss"]
[EventCountry "RUS"]
[SourceTitle "playchess.com"]
[Source "ChessBase"]
[SourceQuality "1"]

{[%evp 13,64,19,36,12,42,-24,-17,-10,4,-58,-52,-44,-24,-24,-20,-144,-144,-137,-102,-143,-135,-121,-109,-158,-145,-160,-132,-208,-208,-434,-173,-281,-281,-366,-365,-364,-326,-355,-395,-391,-382,-463,-409,-995,-966,-921,-859,-1143,-1135,-29990,-29991,-29991,-29992]} 1. d4 Nf6 2. Nf3 g6 3. c4 Bg7 4. Nc3 d5 5. Bg5 Ne4 6. Bf4 Nxc3 7. bxc3 dxc4 8. e3 {D91: Grünfeld: 4 Nf3 Bg7 5 Bg5.} Qd5 {[#]} 9. Ne5 $146 ({White should try} 9. Bxc7 $14 Bf5 10. Be2) ({Predecessor:} 9. Nd2 c5 10. e4 Qc6 11. Bxc4 cxd4 12. Qb3 Qf6 13. Bxb8 dxc3 14. Bb5+ Kf8 15. Nf3 Rxb8 16. O-O Bg4 17. Be2 Qb6 18. Qc2 Qb2 19. Qd3 c2 20. Ng5 Bxe2 21. Qxe2 c1=Q 22. Qf3 Qxg5 {0-1 (22) Hey,B-Thomas,G (1944) ICCF email 2018}) 9... O-O $11 10. Nxc4 {The position is equal.} c5 11. Ne5 (11. h4 $11) 11... cxd4 $15 12. cxd4 Nc6 13. Nxc6 bxc6 14. Be2 (14. Rc1 $1 $11 {remains equal.}) 14... Qxg2 $17 15. Bf3 Qh3 16. Rg1 {[#]} e5 $1 {[%mdl 512]} 17. dxe5 Ba6 18. Bg4 Qh4 19. Rc1 Rfd8 20. Qa4 (20. Qc2 $17 {keeps fighting.}) 20... Bb5 $19 ({Weaker is} 20... Rd2 21. Bg3 $11 (21. Kxd2 Qxf2+ 22. Kc3 Bxe5+ {[%mdl 64] Decoy} 23. Bxe5 Qxe3+ 24. Kb4 Qxe5 $11)) 21. Qa5 $2 (21. Qe4 {was the only chance.}) 21... Qe7 $2 $40 {[%mdl 128] Black wants a kill.} (21... g5 22. a4 Bd3) 22. Be2 (22. Bf3 $142) 22... Bxe5 23. Bxe5 Qxe5 24. Bxb5 cxb5 ({But not} 24... Qxh2 25. Rg5 $19) 25. Qc7 Qe6 26. Qa5 Rd6 27. Rg5 Rad8 {And now ...Qe4 would win.} 28. Rxb5 (28. Qc7 $142) 28... Qg4 29. Rbb1 Rd5 30. Qc3 Qf3 {( -> ...Rg5)} 31. Qb4 Rg5 {[%cal Rg5g1]} 32. Kf1 {[#]} Rg2 $1 {[%mdl 512] Av CentiPawn Loss W=-110/B=-23. Weighted=-125/-38} 0-1

[Event "Satka Autumn 2020"]
[Site "Satka"]
[Date "2020.10.24"]
[Round "4.9"]
[White "Prudnikova, Svetlana"]
[Black "Leolko, Ludmila"]
[Result "1-0"]
[WhiteElo "2203"]
[BlackElo "1899"]
[Annotator "TA"]
[PlyCount "61"]
[EventDate "2020.10.21"]
[EventType "swiss"]
[EventCountry "RUS"]
[SourceTitle "playchess.com"]
[Source "ChessBase"]
[SourceQuality "1"]

{[%evp 11,61,20,29,12,19,24,50,54,49,35,62,28,35,31,54,49,58,58,75,52,121,121,123,134,125,145,134,122,143,145,177,104,189,187,262,260,324,320,922,916,2139,2125,1830,1845,2238,3127,2821,2494,2514,2383,29991,29992]} 1. Nf3 f5 2. c4 Nf6 3. Nc3 e6 4. d4 b6 5. g3 Bb7 6. Bg2 Bb4 {6...Bb4 is better than 6...Be7.} 7. Qb3 {A84: Dutch Defence: 2 c4 Miscellaneous.} Bxc3+ 8. Qxc3 Ne4 9. Qc2 {White is slightly better.} Nc6 10. a3 a5 11. b3 O-O 12. O-O h6 13. Bb2 Ne7 {[#]} 14. e3 $146 ({Predecessor:} 14. Rac1 Qe8 15. Ne5 d6 16. Nd3 Ra7 17. Rce1 b5 18. Nf4 bxc4 19. bxc4 Ng6 20. Nxg6 Qxg6 {1-0 (38) Martinovici,I (2378)-Gitelson,A (2204) Sochi 2019}) 14... d5 15. Ne5 c6 ({Black should try} 15... a4 $14) 16. a4 $16 Rf6 17. f3 Ng5 18. Nd3 Ba6 19. h4 Nf7 {[#]} 20. e4 $1 fxe4 21. fxe4 Rxf1+ (21... dxe4 $16 22. Bxe4 Nf5) 22. Rxf1 $18 ({Don't take} 22. Bxf1 $6 Nd6 $16) 22... Nd6 (22... Qd6 $142) 23. exd5 exd5 24. Ne5 Rc8 $2 (24... Qc7 25. Rf2 Ne4) 25. Bh3 Rc7 26. Be6+ Kh8 27. c5 Bc8 28. cxd6 {[#] White wants to mate with Nf7+.} Bxe6 29. dxc7 Qe8 30. Ba3 {Bxe7 would kill now.} Bf5 31. Rxf5 {Av CentiPawn Loss W=11/B=-118. Weighted=2/-171} 1-0

[Event "Satka Autumn 2020"]
[Site "Satka"]
[Date "2020.10.24"]
[Round "4.10"]
[White "Dubnikova, Anastasia"]
[Black "Mukhina, Jana"]
[Result "1-0"]
[WhiteElo "2148"]
[BlackElo "2025"]
[Annotator "TA"]
[PlyCount "115"]
[EventDate "2020.10.21"]
[EventType "swiss"]
[EventCountry "RUS"]
[SourceTitle "playchess.com"]
[Source "ChessBase"]
[SourceQuality "1"]

{[%evp 19,115,24,19,20,21,-25,44,37,46,26,28,35,25,25,40,37,39,38,60,55,60,56,100,101,105,103,134,131,127,127,129,72,74,32,34,34,31,39,31,31,29,26,87,100,115,114,114,109,160,76,102,82,245,226,310,310,314,300,304,304,286,245,387,383,385,388,451,443,402,383,361,332,383,373,491,485,29971,29972,29972,29973,29973,29974,29977,29978,29978,29978,29982,29978,29978,29977,29982,29983,29986,29987,29987,29987,29989,29990]} 1. Nf3 Nf6 2. c4 g6 3. Nc3 Bg7 4. g3 O-O 5. Bg2 d6 6. d4 Nc6 7. O-O e5 8. dxe5 dxe5 9. Bg5 Be6 10. Qa4 h6 11. Bxf6 {[#] E62: King's Indian: Fianchetto: 6...c6 and Panno Variation (6...Nc6) without ...a6.} Qxf6 $146 ({Predecessor:} 11... Bxf6 12. e3 Bg7 13. Rfd1 Qe8 14. Nd5 Qb8 15. Nd2 f5 16. Nb3 e4 17. Nc5 Bc8 18. Na6 bxa6 19. Qxc6 Kh7 20. Nxc7 Bb7 21. Qd7 Rd8 22. Qe7 Rxd1+ 23. Rxd1 Qf8 24. Rd7 Bc6 25. Ne6 {1-0 (25) Iturrizaga Bonelli,E (2625)-Esen,B (2567) Abu Dhabi 2015}) 12. Nd5 Bxd5 ({Black should try} 12... Qd8 $11) 13. cxd5 $14 {White is slightly better.} Nd4 14. Nxd4 exd4 15. Rac1 Qb6 16. Rc2 Rfe8 17. Rd1 Re7 18. Rd3 a5 19. Rb3 Qd6 20. Bf3 b6 21. Rc6 Qd7 22. Qc4 Rae8 {[#]} 23. d6 $1 {[%cal Rd6e7][%mdl 512]} cxd6 24. Rbxb6 Be5 25. Qd5 ({Better is} 25. Ra6) 25... h5 $16 26. Rxd6 Bxd6 27. Rxd6 Qf5 28. Qxf5 gxf5 29. Rxd4 $14 {[%mdl 4096] Endgame KRR-KRB} Rb8 30. Rd5 Ra7 {[#]} (30... a4 $11) 31. b3 $1 $16 ({But not} 31. Rxf5 $6 Rxb2 32. a4 (32. Rxh5 $2 Rxa2 33. Rg5+ Kh7 $19) 32... h4 $11) 31... h4 32. Rxf5 hxg3 33. hxg3 Rc8 (33... a4 $142) 34. Be4 (34. a4 $142) 34... Rc1+ 35. Kg2 Ra1 $2 {This costs Black the game.} (35... a4 $16) 36. a4 $18 Ra2 37. Bd3 Rb2 38. Bc4 Kg7 39. Rd5 Rb1 40. f4 Rb2 (40... Rc1 $142 41. g4 f6) 41. g4 Rb1 42. g5 Rb2 43. f5 f6 44. gxf6+ Kxf6 45. Kf3 Kg5 46. Ke4 Re7+ 47. Re5 Kf6 (47... Rc7 $18 48. Rxa5 Rb7) 48. Rxe7 {White mates.} Kxe7 {KR-KB} 49. Ke5 Rd2 50. f6+ Kf8 51. e4 Rd8 52. Bd5 Re8+ 53. Kd6 Rd8+ 54. Kc5 Rb8 55. e5 Re8 56. e6 Rc8+ 57. Bc6 Rc7 58. Kd6 {Av CentiPawn Loss W=-8/B=-42. Weighted=-10/-33} 1-0